[Event "IIFL Wealth 4th Mumbai GM"]
[Site "Mumbai"]
[Date "2019.01.02"]
[Round "4"]
[White "Senthil Maran K"]
[Black "Arya Nirag Shah"]
[Result "1-0"]
[WhiteElo "2197"]
[BlackElo "1812"]
[Annotator "NA"]
[PlyCount "119"]
[EventDate "2018.12.30"]
[EventType "swiss"]
[EventCountry "IND"]
[SourceTitle "playchess.com"]
[Source "ChessBase"]
[SourceQuality "1"]
[TimeControl "40/5400+30:1800+30"]

1. c4 {[%emt 0:10:20]} Nf6 {[%emt 0:00:00]} 2. Nf3 {[%emt 0:00:22]} Nc6 {[%emt 0:00:15]} 3. d4 {[%emt 0:00:13]} e6 {[%emt 0:00:08]} 4. Nc3 {[%emt 0:01:01]} Bb4 {[%emt 0:00:21]} 5. Bd2 {[%emt 0:00:27]} O-O {[%emt 0:01:00]} 6. e3 {[%emt 0:00:29]} d6 {[%emt 0:02:15]} 7. a3 {[%emt 0:01:51]} Bxc3 {[%emt 0:00:16]} 8. Bxc3 {[%emt 0:00:01]} Ne4 {[%emt 0:03:58]} 9. Qc2 {[%emt 0:01:05]} Nxc3 {[%emt 0:00:19]} 10. Qxc3 {[%emt 0:00:03]} a5 {[%emt 0:02:49]} 11. Be2 {[%emt 0:03:00]} Qe7 {[%emt 0:02:41]} 12. d5 {[%emt 0:01:21]} Nb8 {[%emt 0:01:38]} 13. O-O {[%emt 0:02:34]} e5 {[%emt 0:00:53]} 14. c5 {[%emt 0:00:49]} Bg4 {[%emt 0:07:03]} 15. Rac1 {[%emt 0:03:40]} dxc5 {[%emt 0:27:39]} 16. Qxc5 $16 {[%emt 0:00:57]} Qxc5 {[%emt 0:00:25]} 17. Rxc5 {[%emt 0:00:12]} c6 {[%emt 0:04:33]} 18. dxc6 {[%emt 0:01:13]} Nxc6 {[%emt 0:00:23]} 19. h3 {[%emt 0:00:28]} Bxf3 {[%emt 0:05:25]} 20. Bxf3 {[%emt 0:00:04]} f6 {[%emt 0:00:18]} 21. Bd5+ {[%emt 0:00:36]} Kh8 {[%emt 0:00:11]} 22. Rfc1 {[%emt 0:01:57]} Rab8 {[%emt 0:04:27]} 23. R1c2 {[%emt 0:01:45]} Rfc8 {[%emt 0:05:50]} 24. Bxc6 {[%emt 0:03:31]} bxc6 {[%emt 0:00:38]} 25. Rxa5 {[%emt 0:00:15]} Kg8 {[%emt 0:00:26]} 26. Rac5 {[%emt 0:00:02]} Rb6 {[%emt 0:00:04]} 27. b4 {[%emt 0:01:21]} Ra8 {[%emt 0:00:42]} 28. Rxc6 {[%emt 0:00:33]} Rxc6 {[%emt 0:00:17]} 29. Rxc6 {[%emt 0:00:02]} Rxa3 {[%emt 0:00:07]} 30. g4 {[%emt 0:00:23]} Rb3 {[%emt 0:00:09]} 31. Rb6 {[%emt 0:00:39]} g6 {[%emt 0:01:12]} 32. Rb7 {[%emt 0:00:30]} f5 {[%emt 0:00:27]} 33. gxf5 {[%emt 0:00:28]} gxf5 {[%emt 0:00:06]} 34. Kg2 {[%emt 0:00:05]} Kf8 {[%emt 0:03:01]} 35. Kg3 {[%emt 0:01:18]} f4+ {[%emt 0:02:56]} 36. Kf3 {[%emt 0:00:08]} fxe3 {[%emt 0:00:46]} 37. fxe3 {[%emt 0:00:02]} h6 {[%emt 0:03:06]} 38. b5 {[%emt 0:00:11]} Ke8 {[%emt 0:01:20]} 39. b6 {[%emt 0:00:07]} Kd8 {[%emt 0:00:13]} 40. Ke4 {[%emt 0:00:00]} Kc8 {[%emt 0:00:00]} 41. Rc7+ {[%emt 0:00:57]} Kd8 {[%emt 0:01:49]} 42. Rc6 {[%emt 0:00:09]} h5 {[%emt 0:01:57]} 43. Rh6 {[%emt 0:00:21]} Kc8 {[%emt 0:02:33]} 44. Rxh5 {[%emt 0:04:05]} Rxb6 {[%emt 0:00:14]} 45. Rh8+ {[%emt 0:00:07]} Kd7 {[%emt 0:00:26]} 46. Rh7+ {[%emt 0:00:02]} Ke8 {[%emt 0:00:44]} 47. Kxe5 {[%emt 0:00:07]} Rb5+ {[%emt 0:00:16]} 48. Kf4 {[%emt 0:00:07]} Rb4+ {[%emt 0:00:54]} 49. e4 {[%emt 0:00:02]} Rb5 {[%emt 0:00:23]} 50. e5 {[%emt 0:00:27]} Rb4+ {[%emt 0:00:48]} 51. Kf5 {[%emt 0:00:08]} Rb6 {[%emt 0:00:04]} 52. h4 {[%emt 0:00:08]} Ra6 {[%emt 0:00:32]} 53. h5 {[%emt 0:00:08]} Kf8 {[%emt 0:00:30]} 54. h6 {[%emt 0:00:21]} Kg8 {[%emt 0:00:15]} 55. Rg7+ {[%emt 0:00:06]} Kh8 {[%emt 0:01:24]} 56. Rg6 {[%emt 0:00:08]} Ra1 {[%emt 0:00:20]} 57. e6 {[%emt 0:00:14]} Rf1+ {[%emt 0:00:06]} 58. Ke5 {[%emt 0:00:06]} Kh7 {[%emt 0:00:27]} 59. Rg4 {[%emt 0:00:10]} Kxh6 {[%emt 0:00:11]} 60. e7 {[%emt 0:00:07]} 1-0

[Event "IIFL Wealth 4th Mumbai GM"]
[Site "Mumbai"]
[Date "2019.01.02"]
[Round "4"]
[White "Divya Deshmukh"]
[Black "Wahba, David George"]
[Result "1-0"]
[WhiteElo "2190"]
[BlackElo "1295"]
[Annotator "NA"]
[PlyCount "39"]
[EventDate "2018.12.30"]
[EventType "swiss"]
[EventCountry "IND"]
[SourceTitle "playchess.com"]
[Source "ChessBase"]
[SourceQuality "1"]
[TimeControl "40/5400+30:1800+30"]

1. e4 {[%emt 0:00:00]} e5 {[%emt 0:00:00]} 2. Nc3 {[%emt 0:01:06]} Nf6 {[%emt 0:00:00]} 3. Bc4 {[%emt 0:00:02]} Nc6 {[%emt 0:00:05]} 4. d3 {[%emt 0:00:10]} Be7 {[%emt 0:00:11]} 5. f4 {[%emt 0:02:02]} d6 6. f5 O-O {[%emt 0:01:50]} 7. Be3 {[%emt 0:00:46]} Na5 {[%emt 0:00:30]} 8. Qe2 {[%emt 0:00:57]} Nxc4 {[%emt 0:00:19]} 9. dxc4 {[%emt 0:00:04]} c6 10. O-O-O a5 {[%emt 0:02:09]} 11. g4 {[%emt 0:00:48]} h6 {[%emt 0:00:13]} 12. h4 {[%emt 0:00:13]} Nd7 13. Nf3 {[%emt 0:00:08]} f6 {[%emt 0:01:35]} 14. g5 {[%emt 0:00:16]} fxg5 {[%emt 0:00:25]} 15. hxg5 {[%emt 0:00:03]} hxg5 {[%emt 0:00:11]} 16. Qh2 {[%emt 0:00:08]} a4 17. Qh7+ {[%emt 0:00:30]} Kf7 {[%emt 0:35:22]} 18. Qg6+ {[%emt 0:00:08]} Kg8 {[%emt 0:01:24]} 19. Rh7 {[%emt 0:00:11]} Bf6 {[%emt 0:01:56]} 20. Rdh1 {[%emt 0:00:06]} 1-0

[Event "IIFL Wealth 4th Mumbai GM"]
[Site "Mumbai"]
[Date "2019.01.02"]
[Round "4"]
[White "Subhayan Kundu"]
[Black "Rathnakaran, K.."]
[Result "0-1"]
[WhiteElo "2185"]
[BlackElo "2366"]
[Annotator "TA"]
[PlyCount "80"]
[EventDate "2018.12.30"]
[EventType "swiss"]
[EventCountry "IND"]
[SourceTitle "playchess.com"]
[Source "ChessBase"]
[SourceQuality "1"]

{[%evp 16,80,16,0,43,41,58,44,55,39,109,-9,-11,-6,-20,-47,-32,-26,-20,-27,-25,-4,558,-27,168,0,0,0,0,-55,-50,-256,-227,-228,-220,-339,-244,-238,-240,-589,-596,-602,-596,-547,-557,-545,-376,-582,-579,-579,-497,-510,-497,-500,-491,-448,-450,-614,-596,-972,-1005,-29952,-12848,-7529,-5616,-2702,-2168]} 1. e4 e6 2. d4 d5 3. Nc3 {[%cal Bb1c3,Bc3e2,Be2f4][%mdl 32]} Nf6 4. e5 Nfd7 5. Nce2 c5 6. c3 Nc6 7. Nf3 a5 {C11: French: Classical System: 4 e5 and 4 Bg5 dxe4} (7... Be7 8. a3 a5 9. Nf4 a4 10. Bd3 cxd4 11. cxd4 Qb6 12. Bc2 g5 13. Ne2 g4 14. Nfg1 Qa5+ 15. Bd2 Qa6 {1-0 (29) Dominguez Perez,L (2739)-Meier,G (2628) chess.com INT 2018}) 8. Nf4 Qb6 9. a3 {LiveBook: 3 Games} cxd4 {The position is equal.} 10. cxd4 g5 11. Nxg5 $146 ({Predecessor:} 11. Nxe6 Ndxe5 12. Nexg5 Ng6 13. Bd3 Bg7 14. Qe2+ Nce7 15. Bb5+ Kf8 16. Ne5 Nxe5 17. dxe5 {1-0 (33) Boidman,Y (2427)-Gawehns,K (2378) Wiesbaden 2012}) 11... Qxd4 12. Qh5 Qxe5+ {[#]} ({Black should play} 12... Ndxe5 $14 13. Nfxe6 Bxe6 14. Nxe6 Qe4+ 15. Be3 Rc8) 13. Be2 (13. Be3 $1 $16 Nd8 14. Bb5) 13... Nd8 $11 14. O-O $132 {[%mdl 2048] White puts up resistance} h6 15. Nfxe6 {Black must now prevent Bf4.} hxg5 {[#]} 16. Nc7+ $1 {[%mdl 512]} Qxc7 17. Qxh8 Ne6 18. Bb5 {And now Re1 would win.} a4 $2 {[%mdl 8192]} (18... Qc5 $11 {and Black has nothing to worry.} 19. a4 Qd4) 19. b3 $2 ({Only move:} 19. Re1 $18) 19... axb3 $2 {[#]} (19... Qb6 $11 {and Black is okay.} 20. bxa4 Qd4 21. Qxd4 Nxd4) 20. a4 $2 (20. Re1 $1 $18) 20... Kd8 $1 {Strongly threatening ...Qe5.} 21. Re1 Qd6 $1 22. Qg8 ({Better is} 22. Ba3 $11 Ndc5 23. Bxc5 Qxc5 24. Rac1) 22... Ndc5 {Threatens to win with ...Bd7.} 23. Bxg5+ $2 (23. Qxf7 $15 Qe7 24. Qf3) 23... Nxg5 $19 24. Re8+ Kc7 25. Rxf8 (25. Qxg5 $142 Rb8 26. Qd2) 25... b2 26. Rb1 Qf4 {aiming for ...Qc1+.} 27. h4 $2 (27. Rxb2 Qc1+ {[%mdl 64] Double Attack} 28. Bf1) 27... Qc1+ {[%mdl 64] Double Attack} 28. Kh2 Qxb1 29. Qxg5 {Threatening mate with Qd8+.} Ne6 {[%mdl 64] Double Attack} 30. Rxf7+ Kb6 31. Qe3+ (31. Qxd5 $142 Qc1 32. Qd6+ Ka7 33. Bd3) 31... d4 32. Qb3 Qc1 33. Bd7+ Ka7 34. Bxc8 Qxc8 35. Qxb2 {intending Qb5.} Qc6 36. a5 Rd8 37. Rf6 {If White can now play Qb6+ this consolidates a bit.} d3 {[%cal Bd4d3,Bd3d2][%mdl 32]} 38. Qb6+ Qxb6 39. axb6+ Ka6 40. Rxe6 d2 {Accuracy: White = 17%, Black = 60%.} 0-1

[Event "IIFL Wealth 4th Mumbai GM"]
[Site "Mumbai"]
[Date "2019.01.02"]
[Round "4"]
[White "Surendran N"]
[Black "Nayem, Haque"]
[Result "1-0"]
[WhiteElo "2176"]
[BlackElo "2083"]
[Annotator "NA"]
[PlyCount "34"]
[EventDate "2018.12.30"]
[EventType "swiss"]
[EventCountry "IND"]
[SourceTitle "playchess.com"]
[Source "ChessBase"]
[SourceQuality "1"]
[TimeControl "40/5400+30:1800+30"]

1. d4 {[%emt 0:09:25]} f5 {[%emt 0:00:00]} 2. Nf3 {[%emt 0:00:10]} Nf6 {[%emt 0:00:05]} 3. c4 {[%emt 0:00:04]} e6 {[%emt 0:00:15]} 4. g3 {[%emt 0:00:12]} Be7 {[%emt 0:00:31]} 5. Bg2 {[%emt 0:00:02]} c6 {[%emt 0:00:14]} 6. O-O {[%emt 0:00:08]} d5 {[%emt 0:00:02]} 7. Bg5 {[%emt 0:00:12]} O-O {[%emt 0:00:11]} 8. Nbd2 {[%emt 0:00:05]} Qe8 {[%emt 0:00:23]} 9. Ne5 {[%emt 0:02:57]} Ne4 {[%emt 0:00:15]} 10. Nd3 {[%emt 0:15:14]} Bd6 {[%emt 0:01:57]} 11. Nf3 {[%emt 0:09:34]} Qh5 {[%emt 0:02:35]} 12. Nfe5 {[%emt 0:00:17]} g6 {[%emt 0:02:57]} 13. Be3 g5 {[%emt 0:00:30]} 14. f3 {[%emt 0:03:34]} Nf6 {[%emt 0:00:35]} 15. Qd2 {[%emt 0:01:22]} h6 {[%emt 0:03:22]} 16. Rae1 {[%emt 0:01:41]} Rd8 {[%emt 0:05:13]} 17. Qc1 {[%emt 0:05:04]} a5 {[%emt 0:20:06]} 1-0

[Event "IIFL Wealth 4th Mumbai GM"]
[Site "Mumbai"]
[Date "2019.01.02"]
[Round "4"]
[White "Subrota, Biswas"]
[Black "Regmi, Shikhar"]
[Result "1-0"]
[WhiteElo "2171"]
[BlackElo "1610"]
[Annotator "NA"]
[PlyCount "55"]
[EventDate "2018.12.30"]
[EventType "swiss"]
[EventCountry "IND"]
[SourceTitle "playchess.com"]
[Source "ChessBase"]
[SourceQuality "1"]
[TimeControl "40/5400+30:1800+30"]

1. d4 {[%emt 0:00:52]} Nf6 {[%emt 0:01:20]} 2. Nf3 {[%emt 0:00:00]} d6 {[%emt 0:00:27]} 3. g3 {[%emt 0:00:42]} g6 {[%emt 0:00:21]} 4. Bg2 {[%emt 0:00:04]} Bg7 {[%emt 0:00:12]} 5. O-O {[%emt 0:00:04]} O-O {[%emt 0:00:09]} 6. c4 {[%emt 0:01:06]} Bg4 {[%emt 0:01:53]} 7. Nbd2 {[%emt 0:00:54]} Nc6 {[%emt 0:00:28]} 8. d5 {[%emt 0:01:29]} Nb8 {[%emt 0:00:36]} 9. h3 {[%emt 0:00:45]} Bd7 {[%emt 0:00:34]} 10. Ne1 {[%emt 0:16:21]} Qc8 {[%emt 0:01:14]} 11. Kh2 {[%emt 0:00:05]} Nh5 {[%emt 0:02:57]} 12. e4 {[%emt 0:02:15]} f5 {[%emt 0:00:24]} 13. exf5 {[%emt 0:00:46]} Rxf5 {[%emt 0:02:57]} 14. g4 {[%emt 0:00:17]} Be5+ {[%emt 0:01:37]} 15. Kg1 {[%emt 0:01:16]} Rg5 {[%emt 0:02:18]} 16. Ndf3 {[%emt 0:03:16]} Rxg4 {[%emt 0:00:56]} 17. hxg4 {[%emt 0:00:03]} Bxg4 {[%emt 0:00:11]} 18. Nd3 {[%emt 0:01:17]} Nd7 {[%emt 0:01:30]} 19. Ndxe5 {[%emt 0:02:57]} Nxe5 {[%emt 0:00:13]} 20. Qb3 {[%emt 0:00:01]} Nxf3+ {[%emt 0:03:07]} 21. Bxf3 {[%emt 0:01:21]} Qf5 {[%emt 0:00:16]} 22. Bg2 {[%emt 0:01:15]} Rf8 {[%emt 0:00:30]} 23. Bh6 {[%emt 0:00:03]} Nf4 {[%emt 0:01:40]} 24. Bxf4 {[%emt 0:00:13]} Qxf4 25. Rae1 {[%emt 0:00:20]} Rf5 {[%emt 0:00:18]} 26. Re4 {[%emt 0:00:18]} Qg5 {[%emt 0:00:35]} 27. Qg3 {[%emt 0:00:18]} h5 {[%emt 0:00:32]} 28. f3 {[%emt 0:00:12]} 1-0

[Event "IIFL Wealth 4th Mumbai GM"]
[Site "Mumbai"]
[Date "2019.01.02"]
[Round "4"]
[White "Deshpande, Aniruddha"]
[Black "Elgabry, Mohsen"]
[Result "1/2-1/2"]
[WhiteElo "2167"]
[BlackElo "2305"]
[Annotator "TA"]
[PlyCount "129"]
[EventDate "2018.12.30"]
[EventType "swiss"]
[EventCountry "IND"]
[SourceTitle "playchess.com"]
[Source "ChessBase"]
[SourceQuality "1"]

{[%evp 24,129,47,56,81,75,76,21,78,67,114,109,110,109,147,148,154,156,156,101,125,129,127,101,144,0,0,0,0,0,10,16,27,9,8,0,0,-8,27,15,17,11,42,45,76,66,63,0,0,0,0,0,15,8,10,9,8,10,32,23,43,40,51,37,81,76,127,88,175,148,183,0,0,0,0,0,81,81,81,0,0,0,8,0,0,0,0,0,0,0,0,0,0,0,0,0,432,0,0,0,0,0,0,0,0,0,0,0]} 1. d4 Nf6 2. c4 c5 3. d5 e6 4. Nc3 exd5 5. cxd5 d6 6. g3 g6 7. Bg2 Bg7 8. Nf3 O-O 9. O-O Re8 10. Re1 a6 11. a4 {A62: Modern Benoni: Fianchetto Variation without early ...Nbd7} Ne4 (11... Nbd7 12. h3 Rb8 13. Bf4 Qc7 14. a5 b5 15. axb6 Nxb6 16. Rc1 Ne4 17. Nxe4 Rxe4 18. b3 a5 19. Nd2 Rd4 20. e4 Ba6 21. Be3 Rb4 {0-1 (38) Xiong,J (2652)-Vachier Lagrave,M (2795) chess.com INT 2017}) 12. Nxe4 Rxe4 13. Qc2 {LiveBook: 9 Games. White is slightly better.} Bf5 14. Bh3 $146 ({Predecessor:} 14. Qd1 Rb4 15. Ra2 Nd7 16. Nd2 Ne5 17. b3 c4 18. bxc4 Nxc4 19. Nxc4 Rxc4 {½-½ (39) Bru Rullo,L (2248)-Fernandez Diaz,C (2259) Barcelona 2017}) 14... Qf6 15. Bxf5 ({Better is} 15. Rb1 $16 {Strongly threatening Bg5.} h6 16. Bd2) 15... gxf5 (15... Qxf5 $11 {remains equal.} 16. Ng5 Rb4 17. Qxf5 gxf5) 16. Nd2 {[%cal Bf3d2,Bd2c4,Bc4e3][%mdl 32]} Re8 17. Nc4 Nd7 18. Bf4 Bf8 19. Ne3 Re4 20. f3 Rb4 21. Qxf5 (21. Rab1 $142) 21... Qxf5 22. Nxf5 Nb6 23. e4 Nc4 24. e5 (24. Ra2 $16) 24... dxe5 $11 25. Bxe5 Nxe5 26. Rxe5 {Black must now prevent d6.} Rd8 27. d6 {[#] Rd1 is the strong threat.} Rxb2 28. Rd1 c4 29. d7 c3 30. Ne3 $1 $132 {[%mdl 2048] White is not keeping still} Rd2 31. Rxd2 cxd2 {[%mdl 4096] Endgame KRB-KRN} 32. Rd5 Bb4 33. Kf1 f6 34. Ke2 Kf7 35. Nc2 (35. Nc4 $14) 35... Bc3 36. Rd3 Ba5 $1 37. Na3 Ke7 38. Nc4 Bc7 39. Rxd2 Rxd7 40. Rb2 Bd8 (40... Rd4 {is more complex.} 41. Ne3 Kd7 42. Rxb7 Kc6 43. Rb2 Rxa4 44. Rc2+ Kd7) 41. Nb6 Bxb6 42. Rxb6 {KR-KR} Kf7 43. g4 Kg7 44. Ke3 Kf7 (44... h5 $142) 45. h4 h6 (45... Re7+ $16 46. Kf2 Kg6) 46. a5 Kg6 47. Rb4 $2 ({White should try} 47. f4 $18) 47... h5 48. Rb6 hxg4 $1 49. fxg4 Kg7 (49... Rd5 $11) 50. Ke4 Kf7 51. g5 (51. Kf4 $16) 51... fxg5 52. hxg5 {[%cal Bh4g5,Bg5g6][%mdl 32]} Kg7 53. Ke5 Rf7 54. g6 Re7+ 55. Kd6 Re1 56. Kc7 Re7+ $1 57. Kd6 (57. Kc8 {looks sharper.} Re5 58. Rxb7+ Kxg6 59. Rb6+ Kf7 60. Rxa6 Re8+ 61. Kc7) 57... Re1 58. Rxb7+ Kxg6 59. Rb6 Kf5 $2 {[%mdl 8192] [#]} (59... Kf6 $11 {and Black stays safe.}) 60. Kc7 $2 (60. Kd7 $1 $18 Rd1+ 61. Kc7) 60... Re7+ {The position is equal.} 61. Kc8 Ke5 62. Rxa6 {Hoping for Rc6.} Kd5 63. Rh6 Kc5 64. a6 Kb5 65. Kb8 {Accuracy: White = 54%, Black = 52%.} 1/2-1/2

[Event "IIFL Wealth 4th Mumbai GM"]
[Site "Mumbai"]
[Date "2019.01.02"]
[Round "4"]
[White "Nikhil Magizhnan"]
[Black "Kafle, Binod"]
[Result "1-0"]
[WhiteElo "2148"]
[BlackElo "1191"]
[Annotator "NA"]
[PlyCount "67"]
[EventDate "2018.12.30"]
[EventType "swiss"]
[EventCountry "IND"]
[SourceTitle "playchess.com"]
[Source "ChessBase"]
[SourceQuality "1"]
[TimeControl "40/5400+30:1800+30"]

1. e4 {[%emt 0:00:00]} e5 {[%emt 0:03:11]} 2. Nf3 {[%emt 0:00:00]} Nc6 {[%emt 0:00:25]} 3. d4 {[%emt 0:00:00]} Nxd4 {[%emt 0:01:20]} 4. Nxd4 {[%emt 0:00:00]} exd4 {[%emt 0:00:40]} 5. Qxd4 {[%emt 0:00:00]} d6 {[%emt 0:01:02]} 6. Nc3 {[%emt 0:00:10]} Be6 {[%emt 0:01:55]} 7. Be3 {[%emt 0:00:11]} a6 {[%emt 0:01:10]} 8. Be2 {[%emt 0:00:17]} Be7 {[%emt 0:01:00]} 9. Qxg7 {[%emt 0:00:43]} Bf6 {[%emt 0:00:34]} 10. Qg3 {[%emt 0:00:06]} Qe7 {[%emt 0:02:03]} 11. Rd1 {[%emt 0:00:48]} O-O-O {[%emt 0:01:42]} 12. O-O {[%emt 0:00:30]} Bh4 {[%emt 0:04:27]} 13. Qf4 {[%emt 0:00:32]} Bf6 {[%emt 0:03:08]} 14. Qf3 {[%emt 0:03:01]} Be5 {[%emt 0:02:10]} 15. Bf4 {[%emt 0:00:31]} Nf6 {[%emt 0:01:08]} 16. Bxe5 {[%emt 0:00:26]} dxe5 {[%emt 0:01:33]} 17. Nd5 {[%emt 0:00:34]} Nxd5 {[%emt 0:02:32]} 18. exd5 {[%emt 0:00:16]} Bd7 {[%emt 0:00:40]} 19. Qe3 {[%emt 0:00:17]} Kb8 {[%emt 0:04:24]} 20. c4 {[%emt 0:00:24]} f5 {[%emt 0:05:55]} 21. f4 {[%emt 0:00:57]} e4 {[%emt 0:05:54]} 22. c5 {[%emt 0:01:39]} Bb5 {[%emt 0:00:39]} 23. Bxb5 {[%emt 0:00:15]} axb5 24. b4 {[%emt 0:00:01]} c6 {[%emt 0:04:08]} 25. d6 {[%emt 0:00:12]} Qe6 {[%emt 0:01:24]} 26. Ra1 {[%emt 0:00:13]} Kc8 {[%emt 0:02:14]} 27. a4 {[%emt 0:00:27]} bxa4 {[%emt 0:00:50]} 28. Rxa4 {[%emt 0:00:11]} Kd7 {[%emt 0:00:24]} 29. Ra7 {[%emt 0:00:32]} Rb8 {[%emt 0:00:31]} 30. b5 {[%emt 0:00:10]} cxb5 {[%emt 0:01:23]} 31. c6+ {[%emt 0:00:30]} Kxc6 {[%emt 0:00:51]} 32. Rc1+ {[%emt 0:00:37]} Kxd6 {[%emt 0:00:30]} 33. Qc5+ {[%emt 0:00:12]} Kd7 {[%emt 0:00:15]} 34. Qc7+ {[%emt 0:00:05]} 1-0

[Event "IIFL Wealth 4th Mumbai GM"]
[Site "Mumbai"]
[Date "2019.01.02"]
[Round "4"]
[White "Vantika Agrawal"]
[Black "Akash G"]
[Result "1/2-1/2"]
[WhiteElo "2143"]
[BlackElo "2443"]
[Annotator "TA RC"]
[PlyCount "89"]
[EventDate "2018.12.30"]
[EventType "swiss"]
[EventCountry "IND"]
[SourceTitle "playchess.com"]
[Source "ChessBase"]
[SourceQuality "1"]

{[%evp 13,89,28,30,34,37,-7,-10,-8,0,0,0,0,0,-18,29,14,75,10,25,31,15,7,20,27,17,16,42,50,50,35,88,83,78,15,9,23,20,0,0,0,0,0,0,0,0,0,0,0,0,-13,-11,-20,0,0,0,0,7,3,3,0,0,0,0,0,0,0,0,0,0,0,0,0,0,0,0,0,0,0]} 1. Nf3 Nf6 2. c4 e6 3. g3 a6 4. Bg2 b5 5. b3 Bb7 6. O-O Be7 {A13: English Opening: 1...e6} (6... g6 7. Nc3 b4 8. Na4 a5 9. Bb2 d6 10. Rc1 Bg7 11. c5 d5 12. c6 Bxc6 13. Nc5 O-O 14. Ne5 {½-½ (32) Artemiev,V (2696)-Rakhmanov,A (2654) Sochi 2017}) 7. d4 O-O {LiveBook: 8 Games} 8. Bb2 d6 {White is slightly better.} 9. Nbd2 Nbd7 10. e3 c5 11. Qe2 bxc4 12. Nxc4 a5 $146 ({Predecessor:} 12... cxd4 13. Bxd4 a5 {0-1 (32) Richter,M (2118)-Packroff,H (2206) Germany 2005}) 13. Rfd1 Ba6 14. Qe1 d5 (14... Bb7 $11 {remains equal.}) 15. Nce5 ({White should play} 15. Nxa5 $16 Rc8 16. Rac1) 15... Qb6 $11 16. Nxd7 Nxd7 17. e4 dxe4 18. Qxe4 Nf6 19. Qe1 c4 20. Ne5 Rac8 21. Bc3 $1 Bb4 (21... cxb3 $14 22. axb3 Bb7) 22. bxc4 $16 Bxc4 {[#]} 23. Rdb1 (23. Bxb4 $1 $16 axb4 24. Rdb1) 23... Bxc3 $1 $11 24. Qxc3 Bd5 {Threatens to win with ...Qxb1+!} 25. Qxc8 {The position is equal.} Qxb1+ $1 26. Rxb1 {Threatening mate with Rb8!} Rxc8 27. Bxd5 Nxd5 {[%mdl 4096] Endgame KRN-KRN} 28. Rb5 a4 29. Ra5 Nc3 30. Ra7 f6 31. Nd7 Nxa2 32. Nc5 Nc3 33. Nxe6 g6 34. Nc5 Ne2+ 35. Kg2 Nxd4 36. Rxa4 (36. Ne4 {with more complications.} Rc6 37. Rxa4 Nb5 38. g4 Nc3 39. Ra8+) 36... Rxc5 37. Rxd4 {KR-KR} Kg7 38. Rd7+ Kh6 39. h4 g5 40. hxg5+ fxg5 41. g4 Kg6 42. Rd6+ Kg7 43. Rd7+ Kg6 44. Rd6+ Kg7 45. Rd7+ {Accuracy: White = 69%, Black = 62%.} 1/2-1/2

[Event "IIFL Wealth 4th Mumbai GM"]
[Site "Mumbai"]
[Date "2019.01.02"]
[Round "4"]
[White "Sekar, B."]
[Black "Kulkarni, Vikramaditya"]
[Result "1-0"]
[WhiteElo "2137"]
[BlackElo "2345"]
[Annotator "TA"]
[PlyCount "95"]
[EventDate "2018.12.30"]
[EventType "swiss"]
[EventCountry "IND"]
[SourceTitle "playchess.com"]
[Source "ChessBase"]
[SourceQuality "1"]

{[%evp 20,95,4,-10,29,22,34,21,64,59,63,63,56,49,70,58,60,0,6,0,0,0,0,0,0,0,0,0,0,-14,156,158,185,195,171,195,160,43,54,0,106,106,357,442,792,702,991,950,811,85,88,0,0,0,971,0,0,0,0,-5,0,-37,9,3,40,30,381,378,750,750,691,675,653,627,1312,1152,29983,29983]} 1. e4 e6 2. d4 d5 3. Nd2 a6 4. Ngf3 Nf6 5. Bd3 c5 6. dxc5 dxe4 7. Nxe4 Nxe4 {C03: French Tarrasch: Unusual Black 3rd moves} 8. Bxe4 Qxd1+ 9. Kxd1 Bxc5 10. Ke2 Nd7 {[%cal Bb8d7,Bd7e5,Be5g4][%mdl 32]} 11. Be3 {LiveBook: 3 Games} (11. Ne1 Nf6 12. Bf3 O-O 13. Nd3 Bd6 14. g4 e5 15. g5 {0-1 (56) McShane,L (2614)-Shipov,S (2591) playchess.com INT 2006}) 11... Bd6 $146 ({Predecessor:} 11... Bxe3 12. Kxe3 Nc5 13. c4 Nxe4 14. Kxe4 b6 15. Rhd1 {0-1 (57) Matko,O (2305)-Kovacevic,B (2503) Bosnjaci 2017}) 12. Rhd1 Ke7 13. Nd2 Ne5 14. g3 Bd7 15. c4 Ng4 16. Bb6 f5 17. Bg2 Nxh2 18. f4 (18. Nb3 $14) 18... Rac8 $11 19. Bxb7 Rb8 20. c5 Bb5+ 21. Ke1 Bxf4 22. gxf4 Rxb7 23. a4 Bc6 24. Nc4 Rhb8 $2 ({Black should play} 24... Rd7 $11) 25. Na5 $1 $36 {[%cal Ra5c6][%mdl 2048] Black is under strong pressure.} Rxb6 26. cxb6 Rxb6 27. Nxc6+ Rxc6 {[%mdl 4096] Endgame KRR-KRN} 28. b4 (28. Rac1 $16 Nf3+ 29. Kf2) 28... Rc2 $14 29. Rd3 ({Better is} 29. Ra3 $14) 29... Rb2 {[#]} (29... e5 $1 $11 {keeps the balance.}) 30. b5 $1 $16 {[%mdl 1536] White has strong compensation.} a5 $2 {[%mdl 8192]} (30... Ng4 $16) (30... axb5 31. a5) 31. Raa3 $18 g5 (31... Rb1+ $142 32. Kd2 Ng4) 32. Rab3 Ra2 33. b6 {And now b7 would win.} gxf4 34. b7 $2 (34. Rh3 $18 {and the rest is easy.}) 34... f3 $16 {( -> ...f2+)} 35. Rxf3 (35. Rd2 $16 Ra1+ 36. Kf2) 35... Nxf3+ {KRN-KR} 36. Kd1 Rd2+ $1 ({Avoid the trap} 36... Ra1+ $2 37. Kc2 $16) 37. Kc1 Rd8 {...Rb8 is the strong threat.} 38. b8=Q Rxb8 39. Rxb8 $11 {KR-KN} h5 40. Rb5 h4 41. Rxa5 Kf6 42. Ra8 {Black must now prevent a5.} Kg7 $2 {[%mdl 8192] [#]} (42... Ke7 $11) 43. Rd8 $1 $18 Ne5 $2 (43... h3 44. Rd1 h2) 44. a5 {[%cal Ba4a5,Ba5a6][%mdl 32]} Nc6 45. Rd7+ Kg6 46. a6 h3 47. Rd3 Nb4 48. Rg3+ {Precision: White = 53%, Black = 28%.} 1-0